000 00795nam a2200241 a 4500
003 MX-MxUPN
005 20250307063813.0
008 030605s1927 mx fr 000 0 spa d
035 _aUPN01000125055
040 _aMX-MxUPN
_bspa
_cMX-MxUPN
041 _aspa
050 4 _aLB1578 P2
_bE57
245 0 0 _aEnseñanzas de las lenguas en el Instituto Nacional
260 _aPanamá :
_bImprenta Nacional,
_c1927.
300 _a91 páginas
650 4 _aEducación
_zPanamá
_99710
650 4 _aLenguaje y lenguas
_93837
710 2 _951335
_aMuseo Pedagógico Nacional (México)
_epropietario anterior
710 1 _951349
_aMéxico.
_bSecretaría de Educación Pública.
_bBiblioteca Pública
_epropietario anterior
902 _bMaríaRobles/2970824
905 _aLibro
942 _2lcc
_cLIBRO
_n0
999 _c97234
_d97234